000 00591nam a2200193Ia 4500
003 IN-BaIIA
008 211028s9999 xx 000 0 eng d
020 _a0-19-855706-X
040 _cIIA Library
080 _a52
_bSHU
100 _aShu, F. H.
_912475
245 4 _aThe physical universe
_ban introduction to astronomy
_cF. H. Shu
260 _aCalifornia
_bUniversity Science
_c1982
300 _axi, 584p.
490 _aBooks in astronomy
650 _aAstronomy
_980
650 _aAstronomy and astrophysics thesaurus
942 _cBK
999 _c10049
_d10049